000
00274nam a2200109Ia 4500
008
190914s9999||||xx |||||||||||||| ||und||
100
_a
Abdul Ghani
245
0
_a
Labour and Industrial Jurisprudence
260
_a
Karachi
_b
Bantam Books
_c
1991
300
_a
226
942
_c
BK
999
_c
9090
_d
9090